[Event "Summer Prague Open A 2020"]
[Site "Prague"]
[Date "2020.08.08"]
[Round "1.1"]
[White "Christiansen, Johan-Sebastian"]
[Black "Vesters, Melchior"]
[Result "1-0"]
[WhiteElo "2612"]
[BlackElo "2035"]
[Annotator "TA"]
[PlyCount "77"]
[EventDate "2020.08.08"]
[EventCountry "CZE"]
[SourceTitle "playchess.com"]
[Source "ChessBase"]
[SourceQuality "1"]

{[%evp 13,76,-26,-20,-3,29,23,28,24,35,-20,-9,-6,-6,0,-4,-31,-27,-82,-96,-107,-104,-133,-128,-133,-123,-122,-118,-123,-134,-162,-110,-106,-74,-160,-159,-166,-57,-156,-163,-158,-174,-167,-16,-15,0,0,0,0,0,0,0,-10,0,-12,139,116,367,372,446,44,703,693,29997,29998,29999]} 1. c4 e5 2. Nc3 Nc6 3. Nf3 g6 4. d4 exd4 5. Nd5 Bg7 6. Bg5 Nce7 7. Nxd4 c6 8. Nc3 {8.Nc3 is better than 8.Nxe7. A27: English Opening: Three Knights Variation.} Qb6 9. Nb3 d5 $1 {[%cal Rd5c4]} 10. Be3 {White has an edge.} Qd8 {[#]} 11. Bd4 $146 (11. cxd5 $14 Nxd5 12. Nxd5 cxd5 13. Bd4 Bxd4 14. Nxd4 (14. Qxd4 Nf6 $11)) ({Predecessor:} 11. cxd5 cxd5 12. Bd4 Nf6 13. g3 O-O 14. Bg2 Be6 15. O-O Nc6 16. e3 Nxd4 17. Nxd4 {½-½ (49) Nogueiras Santiago,J (2534)-Gallegos,C (2403) Santa Clara 2002}) 11... Nf6 $11 12. e3 O-O 13. cxd5 Nexd5 14. Bd3 b6 15. Qe2 (15. Be2 $11 {keeps the balance.}) 15... c5 $17 16. Nxd5 Qxd5 17. e4 Qg5 18. Bxf6 Qxf6 ({Don't do} 18... Bxf6 19. O-O $15) 19. Rb1 Bb7 20. O-O Rad8 21. Ba6 Ba8 ({Better is} 21... Bxa6 $19 22. Qxa6 Qe6) 22. f4 Qc6 23. Rbe1 (23. e5 $142) 23... Qa4 24. e5 Bd5 (24... Qxa2 $19 25. Bc4 Qa4) 25. Rc1 (25. Bb5 $1 $15 Qxa2 26. Bc4) 25... Qxa2 26. Bc4 Bxc4 27. Qxc4 b5 $2 (27... Qxb2 $19 {Strongly threatening ...b5!} 28. Rb1 Qa3) 28. Qc3 $11 c4 29. Nc5 $1 {[#] Hoping for Ra1.} b4 $1 {[%cal Rb4c3]} 30. Qxb4 {aiming for Ra1.} Rb8 {[%cal Bd8b8,Bb8b2,Bb2e2][%mdl 32]} 31. Qxc4 Rxb2 32. Qe4 {Ra1 is the strong threat.} Re2 33. Qf3 g5 $2 {[#]} (33... a5 $11) 34. fxg5 $16 Bxe5 $2 {[%mdl 8192]} (34... Kh8 $16 {might work better.}) 35. Nd7 $18 Rd8 36. Nf6+ $2 ({Not} 36. Nxe5 Rxe5 37. Qf6 Rde8 $16) (36. Rcd1 $18 Bc7 37. Nf6+ Kf8 38. Rd7 Rxd7 39. Nxd7+ Kg7 40. Qc6) 36... Kg7 $2 {[%mdl 8192]} (36... Kh8 $14) 37. Kh1 Rdd2 38. Rc8 {[%csl Gf6][%cal Rc8g8]} Rf2 39. Rg8# {Never resign too early! Accuracy: White = 63%, Black = 44%.} 1-0

[Event "Summer Prague Open A 2020"]
[Site "Prague"]
[Date "2020.08.08"]
[Round "1.2"]
[White "Valenta, Vit"]
[Black "Plat, Vojtech"]
[Result "0-1"]
[WhiteElo "2127"]
[BlackElo "2562"]
[Annotator "TA"]
[PlyCount "78"]
[EventDate "2020.08.08"]
[EventCountry "CZE"]
[SourceTitle "playchess.com"]
[Source "ChessBase"]
[SourceQuality "1"]

{[%evp 9,78,-33,-32,-40,-2,-35,6,-41,-53,-46,-45,-47,-37,-37,-39,-47,-56,-47,-44,-58,-45,-68,-69,-98,-101,-93,-96,-112,-89,-107,-60,-56,-65,-177,-183,-182,-184,-192,-187,-181,-203,-258,-253,-243,-250,-266,-269,-265,-259,-349,-308,-345,-337,-310,-270,-275,-273,-881,-879,-910,-672,-910,-910,-910,-894,-882,-822,-794,-772,-29981,-29976]} 1. b4 e5 2. Bb2 d6 3. g3 Nf6 4. Bg2 c6 5. c4 Be7 6. d3 {A00: Irregular Openings.} O-O 7. Nf3 {[#]} a5 $146 ({Predecessor:} 7... Bf5 8. O-O Nbd7 9. Nbd2 h6 10. a4 Qc7 11. e4 Bg4 12. Qb3 a5 13. b5 Nc5 {0-1 (49) Di Lascio,S (1954)-Lauria,A (2139) Alba Adriatica 2009}) 8. bxa5 {The position is equal.} Qxa5+ 9. Bc3 Qa4 10. O-O h6 11. Qxa4 Rxa4 12. c5 dxc5 13. Nxe5 Be6 14. a3 Nbd7 15. Nxd7 Nxd7 16. Bb2 {[#]} c4 $1 17. d4 Ra6 18. e4 Nb6 19. Nc3 Rfa8 20. d5 Bd7 {[%cal Re7a3]} 21. Nb1 {White is on the road to losing.} (21. Rab1 $15) 21... Na4 $19 22. Bd4 Nc5 $36 {[%mdl 2048] Hoping for ...Nb3. Keeping White busy.} 23. Ra2 Nb3 24. Bb2 b5 {[%cal Bb7b5,Bb5b4][%mdl 32]} 25. e5 cxd5 26. Bxd5 R8a7 27. Rd1 Be6 28. Bxe6 fxe6 ({But not} 28... Rxe6 29. Nc3 $17) 29. Nc3 b4 30. Nb5 Rb7 (30... bxa3 $2 31. Ba1 $17) 31. Nd6 Rd7 32. Kg2 c3 ({Don't play} 32... Bxd6 33. Rxd6 Rda7 34. Rd8+ Kf7 35. Rb8 $19) 33. Bc1 $2 (33. Bxc3 bxc3 34. Rc2) 33... Nxc1 34. Rxc1 Bxd6 35. exd6 {intending Raa1. KRR-KRR} b3 36. Re2 b2 37. Rb1 Rdxd6 38. Rc2 Rxa3 {[#] White must now prevent ...Rd2.} 39. Kf3 Rb6 {Accuracy: White = 58%, Black = 86%.} 0-1

[Event "Summer Prague Open A 2020"]
[Site "Prague"]
[Date "2020.08.08"]
[Round "1.3"]
[White "Petr, Martin"]
[Black "Sura, Jaroslav"]
[Result "1-0"]
[WhiteElo "2464"]
[BlackElo "2027"]
[Annotator "TA"]
[PlyCount "61"]
[EventDate "2020.08.08"]
[EventCountry "CZE"]
[SourceTitle "playchess.com"]
[Source "ChessBase"]
[SourceQuality "1"]

{[%evp 12,60,-7,-10,-3,-36,28,18,101,0,46,0,-8,-262,-243,-340,-330,-322,-332,-327,-314,-335,-344,-398,-277,-274,-276,-297,-302,-302,-266,-259,-264,-303,-228,-210,0,0,205,195,257,226,613,291,1215,696,6395,368,6395,5529,29999]} 1. e4 e5 2. f4 d5 3. exd5 exf4 4. Nf3 Nf6 5. c4 c6 6. d4 cxd5 7. c5 Be7 {C36: King's Gambit Accepted: 3 Nf3 d5.} 8. Nc3 {[#]} Ne4 $146 ({Better is} 8... O-O $15) ({Predecessor:} 8... Nc6 9. Bxf4 O-O 10. a3 Ne4 11. Bb5 Bg4 12. O-O Nxd4 13. Bd6 Nxb5 14. Nxb5 Nxd6 15. Nxd6 Bxd6 16. cxd6 Qxd6 {0-1 (37) Witkowski,S-Fichtl,J Dresden 1959}) 9. Bxf4 $11 g5 (9... O-O $11 {keeps the balance.}) 10. Be5 ({White should play} 10. Bxb8 $1 $16 Rxb8 11. Bd3) 10... f6 11. Nxe4 (11. Bxb8 $14 Rxb8 12. Bb5+ Kf8 13. Qb3) 11... dxe4 12. Nxg5 $2 {[%mdl 8192]} (12. Nd2 $1 $11 fxe5 13. Qh5+ Kd7 14. d5 Bxc5 15. Rc1) 12... Qa5+ $19 13. Kf2 {Black must now prevent Qh5+.} fxe5 14. Qh5+ Kd7 15. Nxe4 Nc6 16. Bc4 Rf8+ (16... exd4 17. Rhf1 $17) 17. Kg3 Rf4 18. dxe5 {[#]} Rh4 $1 {[%cal Rh4h5]} ({Less strong is} 18... Rxe4 19. Qf5+ Kc7 20. Qxe4 $17) 19. e6+ (19. Nf6+ Bxf6 20. Qf5+ (20. Qf7+ $2 Be7 $19) 20... Kc7 $19) 19... Kc7 20. Qd5 Kb8 {And now ...Qc7+ would win.} 21. Rad1 a6 22. Rhf1 Qc7+ 23. Nd6 {[#]} Qd8 $2 (23... Rh6 $1 $19 24. Qe4 Nd8) 24. h3 $11 Qg8+ $2 (24... Qc7 $11 {and Black has nothing to worry.}) 25. Kh2 $18 Ka7 (25... Nb4 $142 26. Qf3 Nc6) 26. Rf7 {Nf5 is the strong threat.} Nb4 $2 (26... Qg5 27. Qxg5 Bxg5) 27. Qd2 (27. Qf3 $142 Nc6 28. Qb3) 27... Bxd6+ $2 (27... Nc6) 28. Qxd6 Rxc4 29. Qb6+ Kb8 {[#]} 30. Rd8 $1 {[%csl Gb6][%cal Rf7b7][%mdl 512]} Nd5 31. Qxb7# {Accuracy: White = 56%, Black = 36%.} 1-0

[Event "Summer Prague Open A 2020"]
[Site "Prague"]
[Date "2020.08.08"]
[Round "1.4"]
[White "Rehak, Martin"]
[Black "Cernousek, Lukas"]
[Result "0-1"]
[WhiteElo "2023"]
[BlackElo "2458"]
[Annotator "TA"]
[PlyCount "62"]
[EventDate "2020.08.08"]
[EventCountry "CZE"]
[SourceTitle "playchess.com"]
[Source "ChessBase"]
[SourceQuality "1"]

{[%evp 9,62,-25,-51,-25,-7,-46,-36,-93,-87,-257,-260,-259,-271,-323,-291,-291,-287,-292,-273,-290,-291,-344,-337,-347,-294,-317,-321,-354,-364,-405,-406,-398,-389,-404,-396,-556,-544,-639,-615,-655,-636,-616,-618,-719,-689,-712,-703,-785,-770,-2379,-2262,-2177,-1987,-1731,-1593]} 1. e4 c5 2. b3 g6 3. Bb2 Nf6 4. d3 Bg7 5. c4 Nc6 {[#]} 6. g3 $146 {B20: Sicilian: Unusual White 2nd moves.} ({Predecessor:} 6. Nf3 d6 7. g3 O-O 8. Bg2 e6 9. O-O Rb8 10. Nbd2 b5 11. Rb1 b4 12. Re1 {1-0 (54) Piechota,S-Kroczka,G Poland 2011}) 6... d6 7. Ne2 Bg4 8. f4 ({Better is} 8. Nd2 $15) 8... e5 9. Bg2 $2 {[#] White does not recover from this.} (9. Qd2 $17 {was called for.}) 9... exf4 $1 $19 {Threatens to win with ...f3.} 10. O-O fxg3 11. h3 Bxe2 12. Qxe2 O-O 13. Nc3 Nd4 14. Qd2 Nh5 15. Ne2 Nxe2+ 16. Qxe2 Qg5 17. Bxg7 Kxg7 ({Don't play} 17... Nxg7 18. Qg4 $19) 18. Rae1 Rae8 19. Qe3 Qxe3+ 20. Rxe3 f5 21. Ree1 f4 22. e5 (22. Bf3 $142) 22... Rxe5 {Black is clearly winning.} 23. Rxe5 dxe5 24. Bxb7 {[%mdl 4096] Endgame KRB-KRN} Rd8 25. Rd1 Nf6 26. Bf3 g5 27. a3 a5 28. Be2 e4 29. dxe4 Rxd1+ 30. Bxd1 Nxe4 31. Kg2 Nd2 {Accuracy: White = 33%, Black = 95%.} 0-1

[Event "Summer Prague Open A 2020"]
[Site "Prague"]
[Date "2020.08.08"]
[Round "1.5"]
[White "Schnider, Gert"]
[Black "Foerster-Yialamas, Lucas"]
[Result "1-0"]
[WhiteElo "2423"]
[BlackElo "2010"]
[Annotator "TA"]
[PlyCount "63"]
[EventDate "2020.08.08"]
[EventCountry "CZE"]
[SourceTitle "playchess.com"]
[Source "ChessBase"]
[SourceQuality "1"]

{[%evp 15,63,50,65,53,50,50,50,37,122,117,102,33,47,47,47,43,42,41,51,0,38,38,53,53,135,93,92,0,134,0,86,74,88,39,770,770,768,743,740,696,711,707,5614,5606,29992,29993,29993,29994,29995,29995]} 1. d4 Nf6 2. Nf3 g6 3. Nc3 d5 4. Bf4 Bg7 5. e3 O-O 6. Be2 b6 7. Ne5 Bb7 8. h4 Nbd7 9. h5 {D00: 1 d4 d5: Unusual lines.} Nxe5 10. Bxe5 Ne4 11. hxg6 {[#] White is slightly better.} fxg6 $146 ({Black should try} 11... hxg6 $14 12. Bd3 Nxc3 13. bxc3 Bxe5 14. dxe5 Kg7) ({Predecessor:} 11... hxg6 12. Bd3 Bxe5 13. dxe5 Nxc3 14. Qg4 Kg7 15. bxc3 Rh8 16. Kd2 e6 17. Qf4 Qe7 {0-1 (36) Thesing,M (2423)-Georgescu,T (2388) Bucharest 2011}) 12. Nxe4 $16 dxe4 {[#]} 13. Bg3 (13. Bc4+ $1 $16 Bd5 14. Bxc7) 13... c5 $14 {[%cal Rc5d4]} 14. c3 cxd4 15. cxd4 Bd5 16. Qa4 e6 17. Ba6 (17. O-O $14) 17... Qg5 18. O-O-O Qe7 19. Kb1 Bb7 (19... Rad8 $14) 20. Bc4 Bd5 21. Ba6 Bb7 $1 22. Bc4 Bd5 $1 23. Rc1 Rac8 24. Rc3 Qb7 $2 {[%mdl 8192] Black cannot hold the game after this.} (24... h5 $14) 25. Ba6 $18 {[%mdl 64] Skewer} Qa8 26. Bxc8 Rxc8 27. Rhc1 Rxc3 28. Rxc3 {And now Qd7 would win.} e5 29. Qd7 {White wants to mate with Rc7!} Bb7 {[#]} 30. Rc7 $1 {[%csl Gc7][%cal Rd7g7] White mates.} Qf8 31. Rxb7 exd4 32. Bd6 {Accuracy: White = 73%, Black = 56%.} 1-0

[Event "Summer Prague Open A 2020"]
[Site "Prague"]
[Date "2020.08.08"]
[Round "1.6"]
[White "Barcelo Sola, David"]
[Black "Roseneck, Jonas"]
[Result "0-1"]
[WhiteElo "2022"]
[BlackElo "2416"]
[Annotator "TA"]
[PlyCount "72"]
[EventDate "2020.08.08"]
[EventCountry "CZE"]
[SourceTitle "playchess.com"]
[Source "ChessBase"]
[SourceQuality "1"]

{[%evp 17,72,0,0,-58,-7,-34,-38,-97,-99,-272,-281,-280,-249,-279,-279,-295,-248,-272,-230,-268,-254,-502,-405,-505,-372,-362,-357,-490,-508,-461,-372,-454,-475,-461,-460,-484,-475,-443,-369,-743,-728,-719,-639,-1008,-783,-1616,-1614,-2161,-2150,-1649,-1097,-29987,-955,-1779,-1793,-1597,-1321]} 1. e4 c5 2. Nf3 d6 3. d4 cxd4 4. Nxd4 Nf6 5. Nc3 a6 6. Be2 e5 7. Nf3 Be7 8. O-O O-O 9. Bg5 Nbd7 10. b4 {[#] B92: Sicilian Najdorf: 6 Be2.} ({White should play} 10. a4 $11) 10... b5 $146 (10... h6 $15 11. Bh4 b6) ({Predecessor:} 10... b6 11. a3 Bb7 12. Qd2 Nxe4 13. Nxe4 Bxe4 14. Bxe7 Qxe7 15. Rfd1 d5 16. Ng5 Bf5 17. h3 Rac8 18. Rac1 b5 19. Bf3 h6 20. Bg4 Bxg4 {0-1 (20) Perschke,S-Behrmann,K CServe email 1995}) 11. Qd3 Bb7 12. Rad1 ({White should try} 12. a4 $15) 12... Rc8 $17 13. Rd2 $2 (13. Nd2 $17 {was necessary.}) 13... Qc7 $19 14. Nd1 Bxe4 15. Qa3 d5 16. Ne1 d4 17. f4 Bd6 {Threatens to win with ...Nd5.} 18. fxe5 Bxe5 19. Qxa6 $2 (19. Qh3 {was worth a try.}) 19... Bb7 20. Qxb5 Ne4 21. Nf3 Nxd2 22. Nxd2 Bxh2+ 23. Kh1 Bd6 24. Bd3 Ne5 {[#] ...Bc6 is the strong threat.} 25. Be4 Rb8 {And now ...Bxe4 would win.} 26. Qe2 Bxe4 27. Nxe4 Rfe8 28. Rf6 $2 (28. c3) 28... Ng6 {Hoping for ...Rxe4.} 29. Ndf2 Rxb4 {Strongly threatening ...Rb1+.} 30. g3 Rbb8 31. Ng4 Qc6 32. Ngf2 gxf6 33. Qf3 Ne5 34. Qxf6 {[#]} Bf8 (34... Ng4 $142 $1 35. Qf3 (35. Nxg4 Qxe4+) 35... Nxf2+ {[%mdl 64] Pin} 36. Kg2 Nxe4 37. Bh4 Qxc2+ 38. Kh3 d3 39. Qg4+ Kf8 40. Bg5 Nf2+ {[%mdl 64] Double Attack} 41. Kh4 Nxg4 42. Kxg4 Rb4+ 43. Kh5 Qh2+ {[%mdl 64] Double Attack} 44. Bh4 Re5+ 45. Kh6 Rxh4+ 46. gxh4 Qxh4#) 35. Qf5 Bg7 36. Kh2 Rb6 {Black took control after the opening. Accuracy: White = 29%, Black = 65%.} 0-1

[Event "Summer Prague Open A 2020"]
[Site "Prague"]
[Date "2020.08.08"]
[Round "1.7"]
[White "Miedema, David"]
[Black "Pacl, Vaclav"]
[Result "1-0"]
[WhiteElo "2382"]
[BlackElo "2021"]
[Annotator "TA"]
[PlyCount "85"]
[EventDate "2020.08.08"]
[EventCountry "CZE"]
[SourceTitle "playchess.com"]
[Source "ChessBase"]
[SourceQuality "1"]

{[%evp 16,85,38,33,56,49,49,54,77,27,26,20,48,-27,90,89,80,86,94,87,95,88,77,86,369,297,266,164,311,176,178,124,187,189,143,50,82,89,89,86,141,134,135,134,151,151,296,143,164,133,160,129,133,126,133,118,117,76,93,73,93,75,102,99,108,110,161,83,29994,29995,29995,29996]} 1. d4 e6 2. e4 d5 3. Nc3 Bb4 4. e5 Ne7 5. a3 Bxc3+ 6. bxc3 c5 7. Qg4 Nf5 8. Bd3 h5 9. Qf4 Qc7 {C18: French: 3 Nc3 Bb4: Main line: 7 h4 and 7 Qg4.} 10. Bd2 Nc6 {[%cal Rc5d4]} 11. Nf3 Nce7 {White is slightly better.} 12. Nh4 Nxh4 $1 13. Qxh4 {[#]} Bd7 $146 ({Predecessor:} 13... c4 14. Be2 Ng6 15. Qh3 h4 16. Bg5 Bd7 17. a4 Kf8 18. O-O Kg8 19. Bg4 Rf8 {1-0 (60) Jackson,J (2311)-Burnett,J (2121) Wakefield 2015}) 14. Rb1 (14. a4 $14) 14... Ba4 {[#]} (14... c4 $11 15. Be2 Ba4) 15. dxc5 $1 $16 Qxe5+ 16. Kd1 Bc6 17. Re1 $36 {[%mdl 2048] White is really pushing.} Qc7 18. Bf4 Qd7 19. Qg5 O-O $2 {[%mdl 8192]} (19... Kf8 $16) 20. Qxh5 {[%csl Gd3][%cal Rh5h7]} f5 21. Bd6 Rae8 (21... Rf6 $142 22. g3 Rh6) 22. Rb4 (22. Re3 $142) 22... Rf6 $18 23. Rh4 (23. Bf4 $18) 23... Ng6 (23... Rh6 $16 24. Qg5 Rg6) 24. Rh3 {Threatens to win with g4.} e5 25. Rg3 ({Better is} 25. f4 $16 Nxf4 26. Qh7+ Kf7 27. Bxe5 (27. Rg3 Ng6 $15) 27... Nxh3 28. gxh3) 25... Qf7 26. Bxf5 Rxf5 27. Qxg6 Rxf2 ({Black should try} 27... Qxg6 28. Rxg6 Kf7) 28. Bxe5 $16 {Strongly threatening Qh6.} Qxg6 29. Rxg6 Re7 {intending ...Ba4.} 30. Bd4 Rxe1+ 31. Kxe1 {[%mdl 4096] Endgame KRB-KRB} Rf7 32. h4 Re7+ 33. Kd2 Kh7 34. Rg5 g6 35. Be5 Rf7 36. Rg3 Rf1 37. Bb8 a6 38. Be5 Rf2+ 39. Ke3 Rxc2 40. Bd4 Ra2 (40... Bb5 $16) 41. Rf3 ({White should play} 41. Rg5 $18) 41... Rxg2 $2 {[%mdl 8192] [#]} (41... Kg8 $16) 42. Rf8 {[%csl Gd4][%cal Rf8h8]} g5 43. h5 {Accuracy: White = 60%, Black = 56%.} 1-0

[Event "Summer Prague Open A 2020"]
[Site "Prague"]
[Date "2020.08.08"]
[Round "1.8"]
[White "Malassagne, Isabelle"]
[Black "Neuman, Petr"]
[Result "1/2-1/2"]
[WhiteElo "2017"]
[BlackElo "2376"]
[Annotator "ChessBase"]
[PlyCount "171"]
[EventDate "2020.08.08"]
[EventCountry "CZE"]
[SourceTitle "playchess.com"]
[Source "ChessBase"]
[SourceQuality "1"]
[TimeControl "40/5400+30:1800+30"]

1. d4 {[%emt 0:00:00]} d6 {[%emt 0:00:00]} 2. e4 {[%emt 0:00:00]} Nf6 {[%emt 0:00:00]} 3. Nc3 {[%emt 0:00:03]} e5 {[%emt 0:00:00]} 4. Nf3 {[%emt 0:02:16]} Nbd7 {[%emt 0:00:00]} 5. Bc4 {[%emt 0:01:10]} Be7 {[%emt 0:00:00]} 6. O-O {[%emt 0:00:14]} O-O {[%emt 0:00:03]} 7. Re1 {[%emt 0:01:17]} c6 {[%emt 0:00:06]} 8. a4 {[%emt 0:00:17]} b6 {[%emt 0:00:24]} 9. dxe5 {[%emt 0:06:02]} dxe5 {[%emt 0:02:18]} 10. h3 {[%emt 0:02:25]} Qc7 {[%emt 0:02:09]} 11. Nd2 {[%emt 0:11:01]} a6 {[%emt 0:02:45]} 12. Qf3 {[%emt 0:02:26]} Rb8 {[%emt 0:00:28]} 13. Nb3 {[%emt 0:06:20]} b5 {[%emt 0:01:19]} 14. Bf1 {[%emt 0:00:09]} Nc5 {[%emt 0:02:14]} 15. Nxc5 {[%emt 0:05:57]} Bxc5 {[%emt 0:00:44]} 16. Nd1 {[%emt 0:08:23]} Be6 {[%emt 0:01:29]} 17. Ne3 {[%emt 0:02:34]} Rfe8 {[%emt 0:04:28]} 18. Nf5 {[%emt 0:00:48]} Bxf5 {[%emt 0:02:29]} 19. Qxf5 {[%emt 0:00:39]} Nd7 {[%emt 0:01:07]} 20. axb5 {[%emt 0:06:53]} axb5 {[%emt 0:06:27]} 21. Be3 {[%emt 0:00:05]} Bxe3 {[%emt 0:02:42]} 22. Rxe3 {[%emt 0:00:17]} Nc5 {[%emt 0:00:05]} 23. Rea3 {[%emt 0:04:14]} Rb7 {[%emt 0:06:20]} 24. h4 {[%emt 0:04:42]} Qe7 {[%emt 0:10:46]} 25. h5 {[%emt 0:08:22]} Rd7 {[%emt 0:04:14]} 26. b4 {[%emt 0:10:12]} g6 {[%emt 0:01:58]} 27. Qg4 {[%emt 0:02:01]} Ne6 {[%emt 0:02:07]} 28. c3 {[%emt 0:01:22]} Rd2 {[%emt 0:04:27]} 29. Ra7 {[%emt 0:02:42]} Qf6 {[%emt 0:02:52]} 30. Qg3 {[%emt 0:00:45]} Red8 {[%emt 0:04:10]} 31. Ra8 {[%emt 0:00:29]} Nf4 {[%emt 0:03:14]} 32. Qe3 {[%emt 0:01:56]} Kg7 {[%emt 0:01:27]} 33. Rxd8 {[%emt 0:04:31]} Qxd8 {[%emt 0:02:15]} 34. h6+ {[%emt 0:02:13]} Kxh6 {[%emt 0:01:26]} 35. Qc5 {[%emt 0:03:30]} Rd1 {[%emt 0:02:34]} 36. Rxd1 {[%emt 0:00:01]} Qxd1 {[%emt 0:00:08]} 37. g3 {[%emt 0:01:34]} Nh3+ {[%emt 0:02:49]} 38. Kg2 {[%emt 0:00:01]} Ng5 {[%emt 0:00:05]} 39. Qxe5 {[%emt 0:01:00]} Qf3+ {[%emt 0:00:22]} 40. Kg1 {[%emt 0:00:16]} Qxe4 {[%emt 0:00:46]} 41. Qxe4 {[%emt 0:06:29]} Nxe4 {[%emt 0:00:07]} 42. c4 {[%emt 0:01:22]} Nc3 {[%emt 0:01:43]} 43. f4 {[%emt 0:04:20]} f5 {[%emt 0:06:32]} 44. cxb5 {[%emt 0:02:47]} cxb5 {[%emt 0:00:14]} 45. Kf2 {[%emt 0:00:30]} Na2 {[%emt 0:09:54]} 46. Bxb5 {[%emt 0:00:02]} Nxb4 {[%emt 0:00:05]} 47. Bc4 {[%emt 0:04:06]} Kg7 {[%emt 0:00:05]} 48. Ke3 {[%emt 0:00:15]} Nc6 {[%emt 0:00:10]} 49. Bd5 {[%emt 0:00:38]} Ne7 {[%emt 0:00:04]} 50. Bb7 {[%emt 0:03:00]} Ng8 {[%emt 0:00:05]} 51. Kf3 {[%emt 0:00:27]} Nf6 {[%emt 0:00:04]} 52. Bc6 {[%emt 0:00:34]} Kf7 {[%emt 0:00:06]} 53. Ba4 {[%emt 0:00:49]} Ke6 {[%emt 0:00:05]} 54. Bb3+ {[%emt 0:00:05]} Kd6 {[%emt 0:00:04]} 55. Bc4 {[%emt 0:00:22]} Kc5 {[%emt 0:00:05]} 56. Bf1 {[%emt 0:00:25]} Kd4 {[%emt 0:00:05]} 57. Ba6 {[%emt 0:00:16]} Kc5 {[%emt 0:05:40]} 58. Bf1 {[%emt 0:00:28]} Ne8 {[%emt 0:00:21]} 59. Be2 {[%emt 0:00:11]} Nd6 {[%emt 0:00:07]} 60. Bf1 {[%emt 0:00:18]} Nc4 {[%emt 0:00:58]} 61. Kf2 {[%emt 0:02:22]} Kd4 {[%emt 0:00:11]} 62. Be2 {[%emt 0:01:34]} h6 {[%emt 0:00:50]} 63. Bf1 {[%emt 0:00:57]} g5 {[%emt 0:04:36]} 64. fxg5 {[%emt 0:00:02]} hxg5 {[%emt 0:00:05]} 65. Be2 {[%emt 0:01:44]} Nd6 {[%emt 0:04:58]} 66. Ba6 {[%emt 0:00:26]} Ke4 {[%emt 0:00:36]} 67. Bf1 {[%emt 0:01:29]} Nf7 {[%emt 0:00:13]} 68. Bg2+ {[%emt 0:00:07]} Kd4 {[%emt 0:00:05]} 69. Bb7 {[%emt 0:00:12]} Nd6 {[%emt 0:01:08]} 70. Ba6 {[%emt 0:00:24]} Ke5 {[%emt 0:00:48]} 71. Be2 {[%emt 0:01:13]} Ne4+ {[%emt 0:00:08]} 72. Kf3 {[%emt 0:00:56]} g4+ {[%emt 0:01:43]} 73. Kg2 {[%emt 0:00:02]} Kd4 {[%emt 0:00:18]} 74. Bb5 {[%emt 0:00:36]} Nc5 {[%emt 0:02:01]} 75. Be8 {[%emt 0:00:07]} Ke3 {[%emt 0:00:15]} 76. Bg6 {[%emt 0:02:39]} Ke4 {[%emt 0:00:04]} 77. Be8 {[%emt 0:00:13]} Ne6 {[%emt 0:00:15]} 78. Bc6+ {[%emt 0:00:11]} Ke3 {[%emt 0:00:05]} 79. Bd7 {[%emt 0:00:16]} Nd4 {[%emt 0:00:04]} 80. Bc8 {[%emt 0:00:20]} Ke2 {[%emt 0:00:08]} 81. Ba6+ {[%emt 0:00:11]} Ke1 {[%emt 0:00:09]} 82. Bd3 {[%emt 0:01:02]} Kd2 {[%emt 0:00:44]} 83. Ba6 {[%emt 0:00:19]} Ke3 {[%emt 0:00:15]} 84. Bc8 {[%emt 0:00:16]} f4 {[%emt 0:05:00]} 85. gxf4 {[%emt 0:00:02]} Kxf4 {[%emt 0:00:06]} 86. Bxg4 1/2-1/2

[Event "Summer Prague Open A 2020"]
[Site "Prague"]
[Date "2020.08.08"]
[Round "1.9"]
[White "Vokac, Marek"]
[Black "Tesar, Jan"]
[Result "1/2-1/2"]
[WhiteElo "2362"]
[BlackElo "2010"]
[Annotator "ChessBase"]
[PlyCount "76"]
[EventDate "2020.08.08"]
[EventCountry "CZE"]
[SourceTitle "playchess.com"]
[Source "ChessBase"]
[SourceQuality "1"]
[TimeControl "40/5400+30:1800+30"]

1. c4 Nc6 2. Nc3 e5 3. g3 g6 4. Bg2 Bg7 5. Rb1 a5 6. a3 Nf6 7. b4 axb4 8. axb4 Qe7 9. b5 Nd8 10. e3 O-O 11. Nge2 c6 12. O-O d6 13. Bb2 Be6 14. d3 Nh5 15. Ra1 Rxa1 16. Qxa1 f5 17. f4 e4 18. dxe4 Bxc4 19. bxc6 bxc6 20. Re1 fxe4 21. Qa4 Bd3 22. Ba3 Re8 23. Nd4 Qd7 24. Rc1 Nf6 25. h3 c5 26. Qxd7 Nxd7 27. Ndb5 Nf7 28. Nc7 Rb8 29. Nxe4 Rb3 30. Ng5 Nb6 31. Nxf7 Kxf7 32. Bxc5 dxc5 33. Rxc5 Rc3 34. Rxc3 Bxc3 35. Nd5 Nxd5 36. Bxd5+ Kf6 37. Kf2 h5 38. g4 hxg4 1/2-1/2

[Event "Summer Prague Open A 2020"]
[Site "Prague"]
[Date "2020.08.08"]
[Round "1.10"]
[White "Geweniger, Tim"]
[Black "Hrabusa, Matej"]
[Result "0-1"]
[WhiteElo "2010"]
[BlackElo "2350"]
[Annotator "ChessBase"]
[PlyCount "82"]
[EventDate "2020.08.08"]
[EventCountry "CZE"]
[SourceTitle "playchess.com"]
[Source "ChessBase"]
[SourceQuality "1"]
[TimeControl "40/5400+30:1800+30"]

1. d4 f5 2. Nc3 Nf6 3. Bg5 d5 4. Bxf6 exf6 5. e3 Be6 6. Bd3 Nc6 7. a3 Qd7 8. Qf3 Ne7 9. h4 h5 10. Nge2 O-O-O 11. O-O-O Kb8 12. Kb1 g6 13. Nf4 Bf7 14. Rc1 Nc8 15. g3 c6 16. Qe2 Nd6 17. f3 Re8 18. Qd2 Bh6 19. Rce1 Re7 20. Qf2 Qe8 21. Re2 Rf8 22. Rhe1 Qd7 23. b3 Rfe8 24. Kb2 Bf8 25. Rc1 Nc4+ 26. Bxc4 dxc4 27. e4 Qd6 28. Rd1 cxb3 29. cxb3 Rd7 30. Nb1 g5 31. Ng2 fxe4 32. fxe4 c5 33. d5 Qe5+ 34. Ka2 f5 35. Nd2 Bxd5 36. Rde1 Bg7 37. Nf3 Bxb3+ 38. Kxb3 Qe6+ 39. Kc2 Qa2+ 40. Kc1 Qa1+ 41. Kc2 Qb2# 0-1